[Event "Titled Tuesday intern op 25th Jul Late"]
[Site "Chess.com INT"]
[Date "2023.07.25"]
[Round "3"]
[White "Chabris, Christopher"]
[Black "Graham, Nathaniel"]
[Result "0-1"]
[WhiteElo "2051"]
[BlackElo "2262"]
[PlyCount "60"]
[EventDate "2023.07.25"]
[EventType "swiss (blitz)"]
[EventRounds "11"]
[EventCountry "USA"]
[SourceTitle "EXT 2024"]
[Source "ChessBase"]
[SourceDate "2023.10.10"]
[SourceVersion "1"]
[SourceVersionDate "2023.10.10"]
[SourceQuality "1"]

1. e4 c5 2. Nf3 e6 3. d4 cxd4 4. Nxd4 Nf6 5. Nc3 Nc6 6. a3 d6 7. Be2 Be7 8. 0-0 0-0 9. Be3 Qc7 10. f4 Nxd4 11. Bxd4 e5 12. Be3 exf4 13. Rxf4 Be6 14. Bd4 Nd7 15. Nd5 Bxd5 16. exd5 Rae8 17. h4 Qd8 18. Bd3 Bf6 19. Bxf6 Nxf6 20. c4 Qb6+ 21. Kh1 Qxb2 22. Qf1 Nd7 23. Rb1 Qc3 24. Rc1 Qe5 25. Rf5 Qd4 26. Rf4 Qe5 27. Rf3 Qh5 28. Qf2 Ne5 29. Re3 Ng4 30. Bxh7+ Qxh7 0-1

[Event "Titled Tuesday intern op 25th Jul Early"]
[Site "Chess.com INT"]
[Date "2023.07.25"]
[Round "10"]
[White "Graham, Nathaniel"]
[Black "Khouri, Ahmed Abbas"]
[Result "0-1"]
[WhiteElo "2262"]
[BlackElo "1963"]
[PlyCount "44"]
[EventDate "2023.07.25"]
[EventType "swiss (blitz)"]
[EventRounds "11"]
[EventCountry "USA"]
[SourceTitle "EXT 2024"]
[Source "ChessBase"]
[SourceDate "2023.10.10"]
[SourceVersion "1"]
[SourceVersionDate "2023.10.10"]
[SourceQuality "1"]

1. e4 d5 2. exd5 Qxd5 3. Nc3 Qd6 4. Bc4 Nf6 5. d4 c6 6. Nf3 Bg4 7. Be3 Nbd7 8. h3 Bh5 9. Qe2 e6 10. 0-0-0 b5 11. Bb3 a5 12. a4 bxa4 13. Nxa4 Be7 14. g4 Bg6 15. Qd2 0-0 16. Bf4 Qb4 17. Ne5 Qb7 18. h4 Be4 19. f3 Bd5 20. Bxd5 Nxd5 21. Nxd7 Qxd7 22. Be5 c5 0-1

[Event "Titled Tuesday intern op 04th Jul Late"]
[Site "Chess.com INT"]
[Date "2023.07.04"]
[Round "7"]
[White "Biliy, Vadim"]
[Black "Graham, Nathaniel"]
[Result "1/2-1/2"]
[WhiteElo "2331"]
[BlackElo "2262"]
[PlyCount "106"]
[EventDate "2023.07.04"]
[EventType "swiss (blitz)"]
[EventRounds "11"]
[EventCountry "USA"]
[SourceTitle "EXT 2024"]
[Source "ChessBase"]
[SourceDate "2023.10.10"]
[SourceVersion "1"]
[SourceVersionDate "2023.10.10"]
[SourceQuality "1"]

1. d4 d5 2. Nf3 Nf6 3. e3 c5 4. Be2 Nc6 5. 0-0 Bg4 6. c4 e6 7. cxd5 Nxd5 8. e4 Nf6 9. e5 Nd5 10. dxc5 Bxc5 11. Bg5 Qb6 12. Nc3 Nxc3 13. bxc3 Bxf3 14. Bxf3 Nxe5 15. Rb1 Nxf3+ 16. Qxf3 Qc6 17. Rxb7 Qxf3 18. gxf3 0-0 19. Rd1 h6 20. Be3 Bb6 21. Rdd7 Rab8 22. Bxb6 axb6 23. Rxf7 Rxb7 24. Rxb7 Rxf3 25. Rxb6 Rxc3 26. Rxe6 Rc2 27. Ra6 Kf7 28. Kg2 Rb2 29. Kg3 Rc2 30. h4 Rb2 31. f3 Rc2 32. h5 Rc5 33. Kg4 Rc4+ 34. f4 Rc1 35. a4 Rg1+ 36. Kf5 Rh1 37. Ra7+ Kg8 38. Ke6 Rxh5 39. a5 Rh4 40. Ra8+ Kh7 41. Ke5 Rh1 42. a6 Ra1 43. f5 h5 44. Kf4 h4 45. Kg4 Ra4+ 46. Kh3 Ra5 47. a7 Ra4 48. Kh2 Ra3 49. Kg2 Ra2+ 50. Kh3 Ra4 51. Kh2 Ra3 52. Kg2 Ra2+ 53. Kh3 Ra4 1/2-1/2

[Event "Titled Tuesday intern op 03rd Jan Late"]
[Site "Chess.com INT"]
[Date "2023.01.03"]
[Round "6"]
[White "Graham, Nathaniel"]
[Black "Ballester Llagaria, Luis Eduardo"]
[Result "0-1"]
[WhiteElo "2262"]
[BlackElo "2298"]
[PlyCount "56"]
[EventDate "2023.01.03"]
[EventType "swiss (blitz)"]
[EventRounds "11"]
[EventCountry "USA"]
[SourceTitle "EXT 2024"]
[Source "ChessBase"]
[SourceDate "2023.10.10"]
[SourceVersion "1"]
[SourceVersionDate "2023.10.10"]
[SourceQuality "1"]

1. e4 c5 2. Nf3 e6 3. d4 cxd4 4. Nxd4 Nc6 5. Nc3 Qc7 6. Be2 a6 7. 0-0 Nf6 8. Be3 Bb4 9. Nxc6 bxc6 10. Na4 Be7 11. Nb6 Rb8 12. Nxc8 Qxc8 13. e5 Nd5 14. Bc1 Bc5 15. c4 Ne7 16. b3 Qc7 17. Bb2 d6 18. exd6 Bxd6 19. Bxg7 Rg8 20. Bf6 Bxh2+ 21. Kh1 Rd8 22. Qc2 Qf4 23. Qc3 Rg6 24. Bxe7 Rh6 25. g3 Bxg3+ 26. Kg2 Rh2+ 27. Kg1 Bxf2+ 28. Rxf2 Qxf2# 0-1

[Event "Titled Tuesday intern op 27th Dec Early"]
[Site "Chess.com INT"]
[Date "2022.12.27"]
[Round "4"]
[White "Gatterer, Florian"]
[Black "Graham, Nathaniel"]
[Result "1-0"]
[WhiteElo "2175"]
[BlackElo "2262"]
[PlyCount "73"]
[EventDate "2022.12.27"]
[EventType "swiss (blitz)"]
[EventRounds "11"]
[EventCountry "USA"]
[SourceTitle "EXT 2024"]
[Source "ChessBase"]
[SourceDate "2023.10.10"]
[SourceVersion "1"]
[SourceVersionDate "2023.10.10"]
[SourceQuality "1"]

1. d4 d5 2. Nf3 Nf6 3. g3 c6 4. c4 Bf5 5. Nc3 e6 6. Qb3 Qb6 7. c5 Qc7 8. Bf4 Qc8 9. h3 h6 10. g4 Bh7 11. Qd1 Nbd7 12. Bg2 Be7 13. 0-0 0-0 14. b4 Ne4 15. Nxe4 Bxe4 16. Ne5 Bxg2 17. Kxg2 Nxe5 18. Bxe5 Bd8 19. Bg3 Bc7 20. f4 f6 21. Qd3 a6 22. a4 Qe8 23. b5 cxb5 24. axb5 Qxb5 25. Qxb5 axb5 26. Rab1 Ra5 27. Be1 Ra2 28. Kf3 e5 29. Rxb5 e4+ 30. Ke3 g5 31. fxg5 fxg5 32. Rxf8+ Kxf8 33. Rxb7 Bf4+ 34. Kf2 Ra3 35. Kg2 Re3 36. Rb2 Rc3 37. Bxc3 1-0

[Event "Titled Tuesday intern op 27th Dec Early"]
[Site "Chess.com INT"]
[Date "2022.12.27"]
[Round "10"]
[White "Graham, Nathaniel"]
[Black "Qashashvili, Alexandre"]
[Result "1-0"]
[WhiteElo "2262"]
[BlackElo "2505"]
[PlyCount "111"]
[EventDate "2022.12.27"]
[EventType "swiss (blitz)"]
[EventRounds "11"]
[EventCountry "USA"]
[SourceTitle "EXT 2024"]
[Source "ChessBase"]
[SourceDate "2023.10.10"]
[SourceVersion "1"]
[SourceVersionDate "2023.10.10"]
[SourceQuality "1"]

1. e4 c6 2. d4 d5 3. Nd2 dxe4 4. Nxe4 Nd7 5. Bc4 Ngf6 6. Nxf6+ Nxf6 7. c3 Bg4 8. Qb3 e6 9. Qxb7 Qc8 10. Ba6 Qxb7 11. Bxb7 Rb8 12. Bxc6+ Kd8 13. Bf3 Bxf3 14. Nxf3 Bd6 15. 0-0 Ke7 16. b3 Rhc8 17. c4 Bb4 18. Bf4 Bd6 19. Bxd6+ Kxd6 20. Rfd1 a5 21. Rab1 Ne4 22. Rd3 Rxc4 23. Re1 Rc3 24. Rxc3 Nxc3 25. Ra1 a4 26. bxa4 Nxa4 27. g3 Rb2 28. a3 f6 29. Kg2 h6 30. h4 Nc3 31. a4 Ne4 32. Ra3 Nxf2 33. a5 Ne4+ 34. Kh3 Nf2+ 35. Kg2 Ne4+ 36. Kh3 Rb7 37. a6 Ra7 38. h5 Kd5 39. Ra5+ Kc6 40. Ra4 Kb5 41. Ra1 Rxa6 42. Rb1+ Kc6 43. Rb8 Ra7 44. Kg4 Kc7 45. Rg8 Kd6 46. Rd8+ Ke7 47. Rg8 Kf7 48. Rb8 Ra3 49. Kf4 Nd6 50. Rd8 Ke7 51. Rg8 Ne8 52. Nh4 Kf7 53. Rh8 Ra4 54. Ng6 Rxd4+ 55. Ke3 Rg4 56. Rf8# 1-0

[Event "Titled Tuesday intern op 27th Dec Early"]
[Site "Chess.com INT"]
[Date "2022.12.27"]
[Round "9"]
[White "Graham, Nathaniel"]
[Black "Szyszylo, Rafal"]
[Result "0-1"]
[WhiteElo "2262"]
[BlackElo "2087"]
[PlyCount "126"]
[EventDate "2022.12.27"]
[EventType "swiss (blitz)"]
[EventRounds "11"]
[EventCountry "USA"]
[SourceTitle "EXT 2024"]
[Source "ChessBase"]
[SourceDate "2023.10.10"]
[SourceVersion "1"]
[SourceVersionDate "2023.10.10"]
[SourceQuality "1"]

1. e4 g6 2. d4 d6 3. Nf3 Nf6 4. Nc3 Bg7 5. Be2 0-0 6. 0-0 Bg4 7. Be3 Nbd7 8. Qd2 e5 9. dxe5 dxe5 10. Rad1 c6 11. h3 Bxf3 12. Bxf3 Qe7 13. Qd6 Rfe8 14. Be2 Bf8 15. Qxe7 Bxe7 16. Bc4 b5 17. Bb3 b4 18. Na4 Rec8 19. f3 c5 20. Bc4 Nb6 21. Bb5 Nxa4 22. Bxa4 Rc7 23. Rf2 a5 24. Rfd2 Kg7 25. Bg5 Raa7 26. b3 c4 27. Bxf6+ Kxf6 28. Rd7 Bc5+ 29. Kf1 Bd4 30. Rxc7 Rxc7 31. Rd2 h5 32. Bb5 cxb3 33. axb3 h4 34. Ke2 Kg5 35. Bc4 Kf4 36. Bd3 Ra7 37. Rd1 a4 38. bxa4 Rxa4 39. Rb1 Bc3 40. Bc4 Ra7 41. Rd1 f5 42. exf5 gxf5 43. Bb3 Bd4 44. Rb1 Rg7 45. Kf1 Kg3 46. Re1 Kh2 47. Re2 Rg3 48. Be6 Rg5 49. Bd5 Kg3 50. Be6 Kf4 51. Bb3 Rg6 52. Re1 Ra6 53. Rd1 Rc6 54. Rb1 Rc3 55. Rd1 Rc5 56. Rd3 Bc3 57. Rd1 e4 58. fxe4 fxe4 59. Rd5 Rc7 60. Ke2 Rg7 61. Kf1 Ke3 62. Rd8 Ra7 63. Re8 Ra1# 0-1

[Event "Titled Tuesday intern op 27th Dec Early"]
[Site "Chess.com INT"]
[Date "2022.12.27"]
[Round "7"]
[White "Graham, Nathaniel"]
[Black "Vovk, Orest"]
[Result "1-0"]
[WhiteElo "2262"]
[BlackElo "2315"]
[PlyCount "61"]
[EventDate "2022.12.27"]
[EventType "swiss (blitz)"]
[EventRounds "11"]
[EventCountry "USA"]
[SourceTitle "EXT 2024"]
[Source "ChessBase"]
[SourceDate "2023.10.10"]
[SourceVersion "1"]
[SourceVersionDate "2023.10.10"]
[SourceQuality "1"]

1. e4 g5 2. d4 g4 3. Qxg4 d5 4. Qf3 dxe4 5. Qxe4 Nf6 6. Qd3 Nc6 7. Nf3 Bg4 8. Nbd2 Qd5 9. Qc4 0-0-0 10. Qxd5 Nxd5 11. Bc4 e6 12. c3 Rg8 13. g3 Bh3 14. Bf1 Bxf1 15. Kxf1 f6 16. Ne4 Be7 17. Kg2 e5 18. dxe5 fxe5 19. Bg5 Bxg5 20. Nfxg5 Rd7 21. Rhd1 h6 22. Nf3 Nf4+ 23. Kf1 Ne6 24. Rxd7 Kxd7 25. Nf6+ Ke7 26. Nxg8+ Kf7 27. Nxh6+ Kg6 28. Ng4 e4 29. Nfe5+ Nxe5 30. Nxe5+ Kf5 31. Nc4 1-0

[Event "Titled Tuesday intern op 09th Aug Early"]
[Site "Chess.com INT"]
[Date "2022.08.09"]
[Round "7"]
[White "Graham, Nathaniel"]
[Black "Fernandez Hernandez, Gerardo"]
[Result "0-1"]
[WhiteElo "2262"]
[BlackElo "2169"]
[PlyCount "58"]
[EventDate "2022.08.09"]
[EventType "swiss (blitz)"]
[EventRounds "11"]
[EventCountry "USA"]
[SourceTitle "EXT 2023"]
[Source "ChessBase"]
[SourceDate "2022.10.05"]
[SourceVersion "1"]
[SourceVersionDate "2022.10.05"]
[SourceQuality "1"]

1. e4 e6 2. Ne2 d5 3. Nec3 d4 4. Ne2 c5 5. Ng3 Nc6 6. Bb5 Nge7 7. 0-0 a6 8. Bxc6+ Nxc6 9. d3 Bd6 10. f4 0-0 11. a4 f5 12. Na3 b5 13. Bd2 Rb8 14. Qf3 Qc7 15. axb5 axb5 16. Rae1 Qb6 17. exf5 exf5 18. Qd5+ Kh8 19. Qxd6 Bb7 20. Qe6 Qc7 21. Qb3 Ba8 22. Re6 Na5 23. Bxa5 Qxa5 24. Rfe1 Qd8 25. Re7 Bd5 26. c4 dxc3 27. Qxc3 Rg8 28. Qxc5 b4 29. Nc4 Ba8 0-1

[Event "Titled Tuesday intern op 30th Mar"]
[Site "Chess.com INT"]
[Date "2021.03.30"]
[Round "11"]
[White "Graham, Nathaniel"]
[Black "Butolo, Alexandru Mircea"]
[Result "1-0"]
[WhiteElo "2262"]
[BlackElo "1752"]
[PlyCount "97"]
[EventDate "2021.03.30"]
[EventType "swiss (blitz)"]
[EventRounds "11"]
[EventCountry "USA"]
[SourceTitle "CBM 201 Extra"]
[Source "ChessBase"]
[SourceDate "2021.05.31"]
[SourceVersion "1"]
[SourceVersionDate "2021.05.31"]
[SourceQuality "1"]

1. e4 c5 2. Nf3 g6 3. d4 cxd4 4. Nxd4 Bg7 5. Nc3 Nc6 6. Nb3 Nf6 7. Be2 d6 8. 0-0 0-0 9. Re1 Nd7 10. Bf1 a5 11. a4 Nc5 12. Nxc5 dxc5 13. Be3 Nd4 14. Nb5 Nxb5 15. Bxb5 Bxb2 16. Bxc5 Bxa1 17. Qxa1 f6 18. Qa3 Rf7 19. Bc4 e6 20. h4 Qc7 21. Bb3 b6 22. Bd6 Qc3 23. Rd1 Bb7 24. Bxe6 Qxa3 25. Bxa3 Bc6 26. Rd6 Bxa4 27. Rxb6 Raa7 28. c4 Kg7 29. Bxf7 Kxf7 30. Bb2 Rc7 31. Rxf6+ Ke7 32. Ra6 Rxc4 33. Rxa5 Rxe4 34. Ra7+ Bd7 35. Ba3+ Ke8 36. Ra8+ Kf7 37. Rf8+ Ke6 38. h5 gxh5 39. Rh8 Re1+ 40. Kh2 Ra1 41. Bc5 Bc6 42. Rxh7 Ra5 43. Be3 Rf5 44. Rh6+ Kd7 45. Kg3 Kc7 46. Bf4+ Kd7 47. Rh7+ Kc8 48. Rc7+ Kb8 49. Rxc6+ 1-0

[Event "Titled Tuesday intern op 30th Mar"]
[Site "Chess.com INT"]
[Date "2021.03.30"]
[Round "4"]
[White "Graham, Nathaniel"]
[Black "Pasti, Aron"]
[Result "1-0"]
[WhiteElo "2262"]
[BlackElo "2222"]
[PlyCount "65"]
[EventDate "2021.03.30"]
[EventType "swiss (blitz)"]
[EventRounds "11"]
[EventCountry "USA"]
[SourceTitle "CBM 201 Extra"]
[Source "ChessBase"]
[SourceDate "2021.05.31"]
[SourceVersion "1"]
[SourceVersionDate "2021.05.31"]
[SourceQuality "1"]

1. e4 c5 2. Nf3 e6 3. d4 cxd4 4. Nxd4 Nc6 5. Nc3 Qc7 6. Be2 Nf6 7. 0-0 Be7 8. Be3 0-0 9. f4 d6 10. Kh1 b6 11. Nxc6 Qxc6 12. e5 dxe5 13. fxe5 Nd5 14. Bf3 Bb7 15. Nxd5 exd5 16. Rc1 Bc5 17. Qd2 Qe6 18. Rfe1 d4 19. Bxd4 Bxf3 20. gxf3 Qd5 21. Re4 f6 22. exf6 Rxf6 23. Qe3 Raf8 24. Bxc5 Rxf3 25. Qd4 Qxc5 26. Qxc5 bxc5 27. Rce1 Rf2 28. R4e2 Rxe2 29. Rxe2 Rd8 30. Kg2 Rd1 31. a4 c4 32. Kf3 Rb1 33. c3 1-0

[Event "Titled Tuesday intern op 30th Mar"]
[Site "Chess.com INT"]
[Date "2021.03.30"]
[Round "1"]
[White "Graham, Nathaniel"]
[Black "Sanchez Enriquez, Oscar Gerardo"]
[Result "0-1"]
[WhiteElo "2262"]
[BlackElo "2342"]
[PlyCount "112"]
[EventDate "2021.03.30"]
[EventType "swiss (blitz)"]
[EventRounds "11"]
[EventCountry "USA"]
[SourceTitle "CBM 201 Extra"]
[Source "ChessBase"]
[SourceDate "2021.05.31"]
[SourceVersion "1"]
[SourceVersionDate "2021.05.31"]
[SourceQuality "1"]

1. e4 d6 2. d4 Nf6 3. Nc3 g6 4. Nf3 Bg7 5. Be2 0-0 6. 0-0 Nc6 7. Be3 e6 8. Qd2 b6 9. Rad1 Bb7 10. Bg5 Ne7 11. Bd3 a6 12. Qf4 Nd7 13. Qh4 f6 14. Bh6 b5 15. Bxg7 Kxg7 16. Qh3 e5 17. dxe5 Nxe5 18. Nd4 Bc8 19. Ne6+ Bxe6 20. Qxe6 Qd7 21. Qxd7 Nxd7 22. Rfe1 Rfe8 23. a3 Rab8 24. b4 Nb6 25. f4 h5 26. Kf2 Red8 27. Kf3 Kf7 28. Ne2 c5 29. c3 Rbc8 30. Bb1 Nc4 31. Ba2 cxb4 32. axb4 d5 33. Nd4 dxe4+ 34. Rxe4 Ng8 35. Rde1 Rd7 36. Bb3 Ne7 37. Nc2 Nf5 38. Bxc4+ bxc4 39. Nd4 Nxd4+ 40. Rxd4 Rxd4 41. cxd4 c3 42. Rc1 Ke6 43. Ke4 c2 44. Kd3 Kd5 45. Rxc2 Rxc2 46. Kxc2 Kxd4 47. Kb3 Kd3 48. Ka4 Kc4 49. Ka5 f5 50. h4 Kb3 51. Kxa6 Kxb4 52. Kb6 Kc4 53. Kc6 Kd4 54. Kd6 Ke4 55. g3 Kf3 56. Ke5 Kxg3 0-1

[Event "Titled Tuesday intern op 30th Mar"]
[Site "Chess.com INT"]
[Date "2021.03.30"]
[Round "8"]
[White "Idrisov, Ildar F"]
[Black "Graham, Nathaniel"]
[Result "1-0"]
[WhiteElo "2282"]
[BlackElo "2262"]
[PlyCount "61"]
[EventDate "2021.03.30"]
[EventType "swiss (blitz)"]
[EventRounds "11"]
[EventCountry "USA"]
[SourceTitle "CBM 201 Extra"]
[Source "ChessBase"]
[SourceDate "2021.05.31"]
[SourceVersion "1"]
[SourceVersionDate "2021.05.31"]
[SourceQuality "1"]

1. Nf3 d5 2. b3 c6 3. Bb2 Bg4 4. e3 Nd7 5. d4 Ngf6 6. Be2 e6 7. Nbd2 Bd6 8. Ne5 Bxe2 9. Qxe2 Qe7 10. a3 0-0 11. 0-0 c5 12. Nxd7 Nxd7 13. dxc5 Bxc5 14. b4 Bb6 15. c4 dxc4 16. Nxc4 Rac8 17. Rac1 Rfd8 18. Qg4 e5 19. Qe4 Qe6 20. Nxe5 Nxe5 21. Qxe5 Qxe5 22. Bxe5 f6 23. Bc3 Rd3 24. Bb2 Rxc1 25. Bxc1 Rc3 26. g3 Kf7 27. Kg2 Ke6 28. Kf3 Rc2 29. Ke4 f5+ 30. Kd3 Ra2 31. Kc4 1-0

[Event "Titled Tuesday intern op 30th Mar"]
[Site "Chess.com INT"]
[Date "2021.03.30"]
[Round "2"]
[White "Nilsen, Tobias Lang"]
[Black "Graham, Nathaniel"]
[Result "1/2-1/2"]
[WhiteElo "2169"]
[BlackElo "2262"]
[PlyCount "98"]
[EventDate "2021.03.30"]
[EventType "swiss (blitz)"]
[EventRounds "11"]
[EventCountry "USA"]
[SourceTitle "CBM 201 Extra"]
[Source "ChessBase"]
[SourceDate "2021.05.31"]
[SourceVersion "1"]
[SourceVersionDate "2021.05.31"]
[SourceQuality "1"]

1. e4 c5 2. Nf3 e6 3. d4 cxd4 4. Nxd4 Nf6 5. Nc3 Nc6 6. Ndb5 d6 7. Bf4 e5 8. Bg5 a6 9. Na3 Be6 10. Bxf6 Qxf6 11. Nc4 Qd8 12. Ne3 Be7 13. Ncd5 Bg5 14. c3 0-0 15. Bd3 Ne7 16. Nxe7+ Qxe7 17. 0-0 Bxe3 18. fxe3 Rac8 19. Qf3 Rc6 20. Rad1 b5 21. a3 Rb8 22. Qg3 a5 23. Be2 b4 24. cxb4 axb4 25. Rc1 Rbc8 26. Rxc6 Rxc6 27. axb4 Rc2 28. Bd3 Rxb2 29. Ra1 g6 30. b5 Kg7 31. h4 h5 32. Qg5 Qxg5 33. hxg5 Rb3 34. Bf1 Bd7 35. Ra7 Bxb5 36. Bxb5 Rxb5 37. Kf2 d5 38. exd5 Rxd5 39. Kf3 Rb5 40. Rc7 Rb4 41. Re7 Rb5 42. Re8 Ra5 43. Ke4 Ra4+ 44. Kf3 Ra5 45. g3 Rb5 46. Rc8 Ra5 47. Re8 Rb5 48. Ke4 Rb4+ 49. Kf3 Rb5 1/2-1/2

[Event "Titled Tuesday intern op 23rd Feb"]
[Site "Chess.com INT"]
[Date "2021.02.23"]
[Round "6"]
[White "Graham, Nathaniel"]
[Black "Juhasz, Agoston Botond"]
[Result "1-0"]
[WhiteElo "2262"]
[BlackElo "2341"]
[PlyCount "107"]
[EventDate "2021.02.23"]
[EventType "swiss (blitz)"]
[EventRounds "11"]
[EventCountry "USA"]
[SourceTitle "CBM 200 Extra"]
[Source "ChessBase"]
[SourceDate "2021.03.31"]
[SourceVersion "1"]
[SourceVersionDate "2021.03.31"]
[SourceQuality "1"]

1. e4 g6 2. d4 Bg7 3. Nf3 d6 4. Bc4 Nf6 5. Qe2 0-0 6. 0-0 c6 7. Nbd2 b5 8. Bb3 Qc7 9. c3 e5 10. dxe5 dxe5 11. a4 bxa4 12. Rxa4 Nbd7 13. Bc4 Nb6 14. Ra1 Nh5 15. Bb3 Nf4 16. Qe3 Bh6 17. Qc5 Nd3 18. Qa5 Bg4 19. h3 Bxf3 20. Nxf3 Nxc1 21. Raxc1 Bxc1 22. Rxc1 Rfe8 23. Rd1 Kg7 24. Qc5 f6 25. Rd6 Rac8 26. Ba2 Na4 27. Qa3 Nxb2 28. Rd2 Rb8 29. Rxb2 Rxb2 30. Qxb2 Rb8 31. Qa3 c5 32. Bd5 Qb6 33. Nd2 Qb5 34. Nc4 Qb1+ 35. Kh2 Rb7 36. Bxb7 Qxb7 37. Qxc5 Kh6 38. Qd5 Qe7 39. Nd6 a5 40. Nc4 a4 41. Qa5 a3 42. Qxa3 Qc7 43. Qb4 Qa7 44. Ne3 Kg7 45. Nd5 Qxf2 46. Qe7+ Kh6 47. Qxf6 Qe1 48. Qf8+ Kg5 49. Qf6+ Kh6 50. Qf8+ Kg5 51. Ne7 Qe3 52. Qf1 Qxe4 53. Ng8 Kh5 54. Nf6+ 1-0

[Event "Titled Tuesday intern op 23rd Feb"]
[Site "Chess.com INT"]
[Date "2021.02.23"]
[Round "8"]
[White "Trakru, Rohun"]
[Black "Graham, Nathaniel"]
[Result "0-1"]
[WhiteElo "1775"]
[BlackElo "2262"]
[PlyCount "32"]
[EventDate "2021.02.23"]
[EventType "swiss (blitz)"]
[EventRounds "11"]
[EventCountry "USA"]
[SourceTitle "CBM 200 Extra"]
[Source "ChessBase"]
[SourceDate "2021.03.31"]
[SourceVersion "1"]
[SourceVersionDate "2021.03.31"]
[SourceQuality "1"]

1. d4 d5 2. Bf4 Nf6 3. e3 c5 4. dxc5 e6 5. b4 a5 6. Bb5+ Bd7 7. Bxd7+ Nbxd7 8. c3 axb4 9. cxb4 b6 10. Nf3 bxc5 11. bxc5 Qa5+ 12. Nbd2 Bxc5 13. 0-0 Qa4 14. Nb3 Ba3 15. Ne5 0-0 16. Rb1 Rfc8 0-1

[Event "Titled Tuesday intern op 15st Dec"]
[Site "Chess.com INT"]
[Date "2020.12.15"]
[Round "2"]
[White "Graham, Nathaniel"]
[Black "Topalov, Aleksandar"]
[Result "1/2-1/2"]
[WhiteElo "2262"]
[BlackElo "2260"]
[PlyCount "83"]
[EventDate "2020.12.15"]
[EventType "swiss (blitz)"]
[EventRounds "11"]
[EventCountry "USA"]
[SourceTitle "CBM 199 Extra"]
[Source "ChessBase"]
[SourceDate "2021.01.31"]
[SourceVersion "1"]
[SourceVersionDate "2021.01.31"]
[SourceQuality "1"]

1. e4 e6 2. d4 d5 3. Nc3 Bb4 4. e5 Qd7 5. Bd2 b6 6. f4 Bf8 7. Nf3 h5 8. Bb5 c6 9. Bd3 g6 10. Qe2 a5 11. Nd1 Ba6 12. Ne3 Bxd3 13. Qxd3 c5 14. dxc5 bxc5 15. c4 d4 16. Nd1 Nc6 17. Nf2 Nh6 18. Ne4 Be7 19. 0-0 Nf5 20. Rab1 Nb4 21. Bxb4 axb4 22. a3 Rb8 23. Nfg5 Kf8 24. g3 Kg7 25. Kg2 Ne3+ 26. Kg1 Nxf1 27. Rxf1 bxa3 28. bxa3 Rb2 29. Rb1 Rhb8 30. Rxb2 Rxb2 31. Nf6 Bxf6 32. exf6+ Kxf6 33. Ne4+ Kg7 34. Nxc5 Qc6 35. Qxd4+ e5 36. Qxb2 Qxc5+ 37. Kg2 Qxc4 38. Qxe5+ Kg8 39. Qe8+ Kg7 40. Qe5+ Kg8 41. Qe8+ Kg7 42. Qe5+ 1/2-1/2

[Event "Titled Tuesday intern op 15st Dec"]
[Site "Chess.com INT"]
[Date "2020.12.15"]
[Round "3"]
[White "Popadic, Dragan"]
[Black "Graham, Nathaniel"]
[Result "1-0"]
[WhiteElo "2157"]
[BlackElo "2262"]
[PlyCount "73"]
[EventDate "2020.12.15"]
[EventType "swiss (blitz)"]
[EventRounds "11"]
[EventCountry "USA"]
[SourceTitle "CBM 199 Extra"]
[Source "ChessBase"]
[SourceDate "2021.01.31"]
[SourceVersion "1"]
[SourceVersionDate "2021.01.31"]
[SourceQuality "1"]

1. e4 c5 2. Nc3 e6 3. d3 Nc6 4. g4 d5 5. Bg2 d4 6. Nce2 e5 7. Ng3 Bd6 8. Nh3 Nge7 9. 0-0 Ng6 10. Nf5 0-0 11. Bd2 Be6 12. a3 Rc8 13. g5 c4 14. Qf3 Bb8 15. Rfc1 Na5 16. Bxa5 Qxa5 17. Qg3 Qd2 18. dxc4 Rxc4 19. Qd3 Qa5 20. Bf1 Rfc8 21. Be2 Qc7 22. Bd1 Qc6 23. Qf3 b5 24. Kh1 a5 25. Ng1 Qd7 26. Rcb1 Nf4 27. Ng3 a4 28. h4 Qe8 29. Kh2 Qe7 30. N1e2 Nxe2 31. Qxe2 Qd7 32. Qf3 Qe7 33. Nf5 Qd7 34. Kg3 R4c5 35. Kh2 Bxf5 36. exf5 Qxf5 37. Qxf5 1-0

[Event "Los Angeles USAT West op"]
[Site "Los Angeles"]
[Date "2004.02.16"]
[Round "6"]
[White "Graham, Nathaniel"]
[Black "Peters, Jack"]
[Result "0-1"]
[WhiteElo "2263"]
[BlackElo "2418"]
[PlyCount "122"]
[EventDate "2004.02.14"]
[EventType "swiss"]
[EventRounds "6"]
[EventCountry "USA"]
[SourceTitle "EXT 2009"]
[Source "ChessBase"]
[SourceDate "2008.11.26"]
[SourceVersion "1"]
[SourceVersionDate "2008.11.26"]
[SourceQuality "1"]

1. Nf3 c5 2. c4 Nf6 3. g3 d5 4. cxd5 Nxd5 5. Bg2 Nc6 6. b3 e5 7. Bb2 f6 8. d3 Be7 9. Nbd2 0-0 10. a3 Be6 11. Rc1 Rc8 12. 0-0 Qd7 13. Re1 Rfd8 14. Qc2 Bf8 15. Qb1 b6 16. e3 Nde7 17. Bf1 Bf5 18. Ne4 Kh8 19. Rc4 Na5 20. Rc2 Qb5 21. Bc3 Nd5 22. Bxa5 Qxa5 23. Ned2 Ne7 24. Ra2 b5 25. Rc1 Qb6 26. Ne4 a6 27. Nfd2 Nd5 28. Nc3 Nc7 29. Nce4 Ne6 30. Rac2 Rc7 31. Rc3 Rcd7 32. Be2 Qa7 33. Kh1 Bg6 34. g4 Qb7 35. Rg1 Ng5 36. Bf1 Nxe4 37. Nxe4 Bxe4+ 38. dxe4 Rd1 39. Rc1 Rxc1 40. Qxc1 Qxe4+ 41. Bg2 Qxg4 42. Qc2 Qd7 43. Be4 g6 44. Rc1 Qd2 45. Bb7 Qxc2 46. Rxc2 Rd3 47. b4 c4 48. Bxa6 Rxa3 49. Bxb5 c3 50. Kg2 Bxb4 51. Kf3 Ra1 52. Ke4 f5+ 53. Kd5 e4 54. Kc4 Ba5 55. f3 exf3 56. Bc6 Re1 57. Kd3 Bb6 58. Kxc3 Rxe3+ 59. Kc4 Re2 60. Rc1 f2 61. Bg2 Re1 0-1

[Event "Budapest FS12 IM-A"]
[Site "Budapest"]
[Date "2002.12.15"]
[Round "9"]
[White "Grafl, Florian"]
[Black "Graham, Nathaniel"]
[Result "1/2-1/2"]
[WhiteElo "2351"]
[BlackElo "2346"]
[PlyCount "55"]
[EventDate "2002.12.07"]
[EventType "tourn"]
[EventRounds "10"]
[EventCountry "HUN"]
[EventCategory "4"]
[SourceTitle "CBM 091 Extra"]
[Source "ChessBase"]
[SourceDate "2003.01.09"]
[SourceVersion "1"]
[SourceVersionDate "2003.01.09"]
[SourceQuality "1"]

1. e4 c5 2. Nf3 e6 3. b3 Nc6 4. Bb2 Nf6 5. e5 Nd5 6. g3 b6 7. c4 Nde7 8. Bg2 Bb7 9. 0-0 Nf5 10. Na3 a6 11. Nc2 Qc7 12. d4 Ncxd4 13. Ncxd4 Nxd4 14. Nxd4 Bxg2 15. Kxg2 cxd4 16. Bxd4 Be7 17. Qg4 g6 18. Qe4 0-0 19. Qe3 Rab8 20. Rac1 d6 21. exd6 Bxd6 22. Bf6 Be7 23. Bb2 Rfd8 24. Kg1 Bc5 25. Be5 Bd6 26. Bf6 Be7 27. Be5 Bd6 28. Bf6 1/2-1/2

[Event "Budapest FS12 IM-A"]
[Site "Budapest"]
[Date "2002.12.11"]
[Round "5"]
[White "Dresen, Ulrich"]
[Black "Graham, Nathaniel"]
[Result "1/2-1/2"]
[WhiteElo "2316"]
[BlackElo "2346"]
[PlyCount "29"]
[EventDate "2002.12.07"]
[EventType "tourn"]
[EventRounds "10"]
[EventCountry "HUN"]
[EventCategory "4"]
[SourceTitle "CBM 091 Extra"]
[Source "ChessBase"]
[SourceDate "2003.01.09"]
[SourceVersion "1"]
[SourceVersionDate "2003.01.09"]
[SourceQuality "1"]

1. d4 d5 2. Nf3 Nf6 3. e3 e6 4. Bd3 c5 5. b3 Nc6 6. 0-0 Bd6 7. Bb2 0-0 8. Nbd2 b6 9. Ne5 Qc7 10. Nxc6 Qxc6 11. dxc5 Qxc5 12. Bxf6 gxf6 13. Qg4+ Kh8 14. Qh4 f5 15. Qf6+ 1/2-1/2